000 00602nam a2200229 a 4500
001 4723905
005 20171215083907.0
008 831104s1983 mnu b s001 0 eng
010 _a 83184242
020 _a0816612382
020 _a0816612412 (pbk.)
040 _aDLC
_cDLC
_dDLC
041 _aeng
080 _a801.95.0904 TER
082 0 0 _a801.95.0904 TER
_219
100 1 _a21 GJU
101 _aGJU
245 1 0 _aLiterary theory :
_cTerry Eagleton.
504 _aBibliography: p. 223-231.
906 _a7
_bcbc
_corignew
_d2
_encip
_f19
_gy-gencatlg
942 _2ddc
_cBK
999 _c39038
_d39038